[Event "SRB-ch U16 Girls"]
[Site "Kragujevac"]
[Date "2019.04.30"]
[Round "2"]
[White "Pavlovic, Andrea"]
[Black "Vukosavljevic, Tatjana"]
[Result "1/2-1/2"]
[WhiteElo "1593"]
[BlackElo "1679"]
[PlyCount "94"]
[EventDate "2019.04.29"]
[EventType "swiss"]
[EventRounds "9"]
[EventCountry "SRB"]
[SourceTitle "EXT 2022"]
[Source "ChessBase"]
[SourceDate "2021.10.06"]
[SourceVersion "1"]
[SourceVersionDate "2021.10.06"]
[SourceQuality "1"]

1. Nc3 Nf6 2. d4 g6 3. Bf4 d6 4. e4 Bg7 5. Nf3 0-0 6. h3 c6 7. Bd3 Nbd7 8. 0-0 e5 9. dxe5 dxe5 10. Nxe5 Nxe4 11. Nxe4 Nxe5 12. Bxe5 Bxe5 13. c3 Bf5 14. Nc5 Bxd3 15. Qxd3 Qxd3 16. Nxd3 Bg7 17. Rad1 Rfe8 18. Rfe1 Rad8 19. Rxe8+ Rxe8 20. Kf1 Rd8 21. Ke2 Re8+ 22. Kf1 Rd8 23. f3 f5 24. Nf2 Rxd1+ 25. Nxd1 Kf7 26. Ke2 Ke6 27. Kd3 b5 28. c4 b4 29. b3 Ke5 30. g3 h5 31. Ke3 Bh6+ 32. f4+ Kd6 33. Nf2 Bg7 34. g4 hxg4 35. hxg4 a6 36. Kd3 Bc3 37. gxf5 gxf5 38. Nd1 Bg7 39. Ne3 Ke6 40. Nc2 Bc3 41. Nd4+ Bxd4 42. Kxd4 Kd6 43. c5+ Ke6 44. Kc4 a5 45. Kd4 Kf6 46. Kd3 Ke6 47. Kc4 Kf6 1/2-1/2

[Event "SRB-ch U14 Girls"]
[Site "Novi Sad"]
[Date "2018.04.05"]
[Round "5"]
[White "Dimitrijevic, Andjela"]
[Black "Pavlovic, Andrea"]
[Result "1-0"]
[WhiteElo "1740"]
[BlackElo "1570"]
[PlyCount "111"]
[EventDate "2018.04.02"]
[EventType "swiss"]
[EventRounds "9"]
[EventCountry "SRB"]
[SourceTitle "EXT 2019"]
[Source "ChessBase"]
[SourceDate "2018.10.10"]
[SourceVersion "1"]
[SourceVersionDate "2018.10.10"]
[SourceQuality "1"]

1. e4 e5 2. Bc4 Bc5 3. Nf3 Nc6 4. d3 d6 5. c3 Bg4 6. Nbd2 Nf6 7. 0-0 0-0 8. Re1 Ne7 9. h3 Bh5 10. Nf1 c6 11. Ng3 Qb6 12. Qe2 Qc7 13. Nxh5 Nxh5 14. Nxe5 dxe5 15. Qxh5 b5 16. Bb3 Qd6 17. Qe2 Rad8 18. Rd1 h6 19. Be3 Ng6 20. d4 Bb6 21. dxe5 Qxe5 22. Bxb6 axb6 23. Qf3 Qe7 24. Rxd8 Rxd8 25. Rd1 Rxd1+ 26. Bxd1 Ne5 27. Qe2 Ng6 28. Bb3 Qd7 29. Qd1 Qe7 30. Qe2 Qd7 31. Qg4 Qxg4 32. hxg4 Ne5 33. Bd1 Nd3 34. b3 Kf8 35. Kf1 Ke7 36. Bc2 Nf4 37. g3 Ng6 38. f4 Kd6 39. e5+ Ke7 40. Bxg6 fxg6 41. Ke2 Ke6 42. Ke3 c5 43. c4 bxc4 44. bxc4 h5 45. gxh5 gxh5 46. Ke4 g6 47. a3 Ke7 48. Kd5 Kd7 49. e6+ Ke7 50. Ke5 Ke8 51. Kd6 Kd8 52. e7+ Ke8 53. Ke6 h4 54. gxh4 b5 55. cxb5 g5 56. b6 1-0

[Event "SRB-ch U14 Girls"]
[Site "Novi Sad"]
[Date "2018.04.04"]
[Round "4"]
[White "Ilic, Zvezdana"]
[Black "Pavlovic, Andrea"]
[Result "1/2-1/2"]
[WhiteElo "1626"]
[BlackElo "1570"]
[PlyCount "121"]
[EventDate "2018.04.02"]
[EventType "swiss"]
[EventRounds "9"]
[EventCountry "SRB"]
[SourceTitle "EXT 2019"]
[Source "ChessBase"]
[SourceDate "2018.10.10"]
[SourceVersion "1"]
[SourceVersionDate "2018.10.10"]
[SourceQuality "1"]

1. c4 e6 2. d3 d5 3. cxd5 exd5 4. a3 h6 5. g3 Nf6 6. Nf3 Nc6 7. Bg2 Bc5 8. 0-0 0-0 9. Nc3 a6 10. b4 Ba7 11. Bb2 Re8 12. Na2 Bg4 13. Re1 Bf5 14. Nc1 Qd6 15. Nb3 Nd7 16. Qd2 Rad8 17. Qc3 Qf6 18. Nbd4 Nxd4 19. Nxd4 Bxd4 20. Qxd4 Qxd4 21. Bxd4 Ne5 22. Rac1 Nc6 23. Bb2 Re7 24. Kf1 Na7 25. Rc5 c6 26. Rcc1 Rde8 27. Bd4 Nb5 28. Bc5 Re6 29. a4 Nd6 30. Bxd6 Rxd6 31. Rc5 Bd7 32. Rec1 b6 33. R5c2 f5 34. d4 g5 35. Bh3 g4 36. Bg2 h5 37. e3 Kg7 38. Rb2 Rb8 39. Rcb1 Kf6 40. a5 b5 41. Ke2 Rh8 42. Rh1 Ke7 43. h3 Rdh6 44. Rbb1 Kf6 45. Rbc1 Kg5 46. Ra1 Kf6 47. Rag1 Kg5 48. Re1 Kf6 49. hxg4 hxg4 50. Rxh6+ Rxh6 51. Rh1 Rxh1 52. Bxh1 Kg6 53. f3 Kg5 54. fxg4 Kxg4 55. Kf2 Be6 56. Bf3+ Kg5 57. Be2 Bf7 58. Kf3 Bh5+ 59. Kf2 Bf7 60. Kg2 Be6 61. Kf3 1/2-1/2

[Event "SRB-ch U14 Girls"]
[Site "Novi Sad"]
[Date "2018.04.03"]
[Round "2"]
[White "Stankovic, Marija1111"]
[Black "Pavlovic, Andrea"]
[Result "0-1"]
[WhiteElo "1720"]
[BlackElo "1570"]
[PlyCount "196"]
[EventDate "2018.04.02"]
[EventType "swiss"]
[EventRounds "9"]
[EventCountry "SRB"]
[SourceTitle "EXT 2019"]
[Source "ChessBase"]
[SourceDate "2018.10.10"]
[SourceVersion "1"]
[SourceVersionDate "2018.10.10"]
[SourceQuality "1"]

1. e4 e5 2. Nf3 Nc6 3. Bb5 d6 4. 0-0 Bg4 5. h3 Bh5 6. c3 Qf6 7. g4 Bg6 8. d3 h5 9. g5 Qe6 10. Kh2 Nge7 11. h4 0-0-0 12. c4 f5 13. Qc2 fxe4 14. dxe4 Nd4 15. Nxd4 exd4 16. f3 a6 17. Ba4 d5 18. cxd5 Nxd5 19. Bb3 Qe5+ 20. Kg2 Nf4+ 21. Bxf4 Qxf4 22. Rh1 Bd6 23. Rh3 Be5 24. Qd2 Qf8 25. Na3 Be8 26. Nc4 Bf4 27. Qd3 Bd7 28. Rhh1 Bb5 29. a4 Bxc4 30. Bxc4 Qb4 31. b3 Rhf8 32. Rhf1 Qd6 33. Rh1 Bg3 34. Rh3 Bf4 35. Rd1 Be3 36. Qc2 Qb4 37. Qd3 Qc3 38. Rh2 Bf4 39. Rh3 Qb2+ 40. Qe2 Qc3 41. Qd3 Be3 42. Rhh1 Qb4 43. Rh3 Qd6 44. Qc2 c6 45. Rhh1 Kb8 46. Rh3 Rc8 47. Qe2 Qa3 48. Rhh1 Qb4 49. Rb1 Rce8 50. Bd3 Rf4 51. Rh3 Ref8 52. Rb2 Qd6 53. Rb1 Qe6 54. Rb2 Qe5 55. Rc2 Rd8 56. Rb2 Rd6 57. Rc2 Rg6 58. Qe1 Qe6 59. e5 Rf5 60. Bxf5 Qxf5 61. Re2 Qxe5 62. Qg3 Qxg3+ 63. Kxg3 Re6 64. Kg2 d3 65. Re1 d2 66. Rd1 Bf4 67. Rhh1 Rd6 68. Kf2 Rd3 69. Rb1 Rc3 70. Rhd1 b5 71. axb5 axb5 72. Rb2 c5 73. Rbb1 Kb7 74. Rb2 Kc6 75. Ke2 b4 76. Kf2 Kb5 77. Ke2 c4 78. bxc4+ Kxc4 79. Rbxd2 Bxd2 80. Rxd2 b3 81. Rb2 Kb4 82. Rb1 Ka3 83. f4 Rh3 84. f5 Rxh4 85. Rf1 Re4+ 86. Kd3 Re7 87. f6 gxf6 88. gxf6 Rf7 89. Kc3 Ka2 90. Rf2+ Ka3 91. Rf1 b2 92. Rf5 Rc7+ 93. Kd4 b1Q 94. Ra5+ Kb4 95. Rd5 Qb2+ 96. Ke4 Qxf6 97. Rd4+ Qxd4+ 98. Kxd4 h4 0-1